| 000 | 00917cam a2200229 i 4500 | ||
|---|---|---|---|
| 020 | _a9781292082448 | ||
| 082 | 0 | 0 | _a621.34 |
| 100 | 1 |
_aUlaby, Fawwaz T. _d1943- _eauthor. |
|
| 245 | 1 | 0 |
_aFundamentals of applied electromagnetics / _cFawwaz T. Ulaby, University of Michigan, Ann Arbor, Umberto Ravaioli, University of Illinois, Urbana-Champaign. |
| 250 | _aSeventh edition. | ||
| 260 |
_aBoston : _bPearson, _c2015. |
||
| 300 |
_axxii, 525 pages : _bcolor illustrations ; _c25 cm |
||
| 504 | _aIncludes bibliographical references (pages 491-492) and index. | ||
| 650 | 0 |
_aElectromagnetism. _990118 |
|
| 650 | 0 |
_aElectromagnetism _990119 |
|
| 700 | 1 |
_aRavaioli, Umberto, _990120 |
|
| 942 |
_2ddc _cBK |
||
| 999 |
_c588290 _d588290 |
||